Chemické látky v drevárskom priemysle : Návody na cvičenia
Uložené v:
| Hlavní autori: | , |
|---|---|
| Médium: | Kniha |
| Jazyk: | Slovak |
| Vydavateľské údaje: |
Zvolen :
Technická univerzita vo Zvolene,
1999
|
| Tagy: |
Žiadne tagy, Buďte prvý, kto otaguje tento záznam!
|
MARC
| LEADER | 00000nam a22000003a 4500 | ||
|---|---|---|---|
| 001 | stu61056 | ||
| 005 | 20150617225651.8 | ||
| 008 | 010810s1999----xo------------------slo-d | ||
| 020 | |a 80-228-0805-9 | ||
| 040 | |a STU |b slo | ||
| 041 | 0 | |a slo | |
| 044 | |a xo | ||
| 080 | |a 665.939.5(075.8) |7 A000004251 | ||
| 100 | 1 | |a Sedliačik, Ján |4 aut | |
| 245 | 1 | |a Chemické látky v drevárskom priemysle : |b Návody na cvičenia | |
| 260 | |a Zvolen : |b Technická univerzita vo Zvolene, |c 1999 | ||
| 300 | |a 95 s. Obr.,tab.,grafy,lit | ||
| 700 | 1 | |a Sedliačik, Milan |4 aut | |
| 996 | |b CS71793 |c C*S71793 |l CCVIIIA |s P |a 0 |w stu61056_0001 | ||